Normal view
MARC view
Entry Personal Name
001 - CONTROL NUMBER
- control field: 49266
003 - CONTROL NUMBER IDENTIFIER
- control field: OSt
005 - DATE AND TIME OF LATEST TRANSACTION
- control field: 20250825173849.0
008 - FIXED-LENGTH DATA ELEMENTS
- fixed length control field: 250825|| aca||aabn | a|a d
040 ## - CATALOGING SOURCE
- Original cataloging agency: OSt
- Transcribing agency: OSt
100 ## - HEADING--PERSONAL NAME
- Personal name: R. Ramesh
- Dates associated with a name: Supervisor
670 ## - SOURCE DATA FOUND
- Source citation: Work cat.: (OSt)36106: Bane, Kshitij S 49252, Time domain astronomy at low radio frequencies (< 100 MHz): Instrumentation and observations